[Event "DSU 100 år - Mester"]
[Site "?"]
[Date "2003.02.07"]
[Round "1"]
[White "Auchenberg, Per"]
[Black "Andersen, Ib Hother"]
[Result "1-0"]
[WhiteElo "1949"]
[BlackElo "1978"]
[PlyCount "45"]

1. f4 g6 2. Nf3 d5 3. d3 Bg7 4. c3 c5 5. Qc2 Nc6 6. e4 e5 7. Na3 Nge7 8. fxe5
Nxe5 9. Bf4 Nxf3+ 10. gxf3 O-O 11. h4 f5 12. Qh2 fxe4 13. dxe4 Be6 14. h5 gxh5
15. Be5 dxe4 16. Qxh5 Bf5 17. Bc4+ Kh8 18. Bxg7+ Kxg7 19. fxe4 Bg6 20. Qe5+ Rf6
21. Rd1 Qf8 (21... Qe8 22. Rf1 Ng8) 22. Rf1 Nc6 23. Rd7+ 1-0

[Event "DSU 100 år - Basis 2"]
[Site "?"]
[Date "2003.02.07"]
[Round "1"]
[White "Nielsen, Anders"]
[Black "Brand, Bjarne"]
[Result "1-0"]
[WhiteElo "1688"]
[BlackElo "1700"]
[PlyCount "61"]

1. e4 Nf6 2. Nc3 d5 3. exd5 Nxd5 4. Nxd5 Qxd5 5. c4 Qc6 6. d4 e6 7. Nf3 b6 8.
Be2 Bb7 9. a3 a5 10. Bd2 Bd6 11. Qc2 Qe4 12. Qxe4 Bxe4 13. O-O-O c5 14. Bc3 Nc6
15. g3 O-O 16. Rhe1 a4 17. Ng5 Bg6 18. Bf3 Na5 19. Bxa5 (19. Bxa8 Nb3#) 19...
Rxa5 20. d5 exd5 21. Rxd5 Bc7 22. Red1 h6 23. Ne4 Re8 24. Nc3 Be5 25. Nb5 f6
26. Rd8 Kh7 27. Bc6 Re7 28. f4 Bc7 29. R8d7 Rxd7 30. Rxd7 Be8 31. Rxc7 1-0

[Event "DSU 100 år - Basis 2"]
[Site "?"]
[Date "2003.02.07"]
[Round "1"]
[White "Hallberg, Per"]
[Black "Thomsen, Kurt"]
[Result "0-1"]
[WhiteElo "1724"]
[BlackElo "1700"]
[PlyCount "124"]

1. e4 e6 2. d4 d5 3. Nc3 Bb4 4. e5 c5 5. a3 Bxc3+ 6. bxc3 Qc7 7. f4 Nc6 8. Qg4
f5 9. Qh5+ g6 10. Qd1 Bd7 11. Nf3 Rc8 12. Bb5 Nxe5 13. Bxd7+ Nxd7 14. Qe2 Ngf6
15. Qxe6+ Kf8 16. Ne5 Nxe5 17. fxe5 Ng4 18. h3 Re8 19. Qxd5 cxd4 20. O-O Ne3
21. Qxd4 Nxf1 22. Bh6+ Kg8 23. Rxf1 Qb6 24. Qxb6 axb6 25. Rb1 Re6 26. Be3 Kf7
27. Bxb6 Ra8 28. Bd4 b6 29. Rb3 Ra6 30. Kf2 g5 31. g3 Rc6 32. Kf3 Ke6 33. Ke3
Rc4 34. Kd3 Rca4 35. Bxb6 Kxe5 36. Rb5+ Ke6 37. Bc5 Re4 38. Rb7 h6 39. Bb4 Ra8
40. Re7+ Kf6 41. Rxe4 fxe4+ 42. Kxe4 Re8+ 43. Kd4 Ke6 44. a4 Kd7 45. h4 g4 46.
h5 Re1 47. Kd5 Rg1 48. a5 Rxg3 49. a6 Re3 50. a7 Re8 51. Ba5 g3 52. Bb6 g2 53.
c4 Rf8 54. Bg1 (54. c5 $1 g1=Q $2 55. c6+ Ke7 56. Bxg1 $18) 54... Kc7 55. c5
Rd8+ 56. Ke6 Kc6 57. Kf5 Ra8 58. Kg4 Rxa7 59. Kf3 Rg7 60. c3 Kd5 61. Ke2 Rf7
62. Ke1 $2 Rf1+ 0-1

[Event "DSU 100 år - Basis 1"]
[Site "?"]
[Date "2003.02.08"]
[Round "2"]
[White "Stockflet, Henrik"]
[Black "Andersen, Daniel"]
[Result "1/2-1/2"]
[WhiteElo "1873"]
[BlackElo "1810"]
[PlyCount "75"]

1. e4 e6 2. d4 d5 3. e5 c5 4. Nf3 Qb6 5. Bd3 Bd7 6. O-O cxd4 7. Qe2 Nc6 8. a3
f5 9. b4 Nge7 10. h4 g6 11. Nbd2 Bg7 12. Nb3 O-O 13. Bf4 h6 14. Qd2 Kh7 15.
Rfe1 Rfc8 16. Nc5 Rd8 17. h5 g5 18. Bxg5 hxg5 19. Nxg5+ Kh8 20. Ngxe6 Bxe6 21.
Nxe6 Rg8 22. Nxg7 Rxg7 23. Qh6+ Kg8 24. Qe6+ Rf7 25. g4 Nd8 26. Qxb6 axb6 27.
gxf5 Nxf5 28. e6 Rg7+ 29. Kh2 Ne7 30. h6 Rg4 31. Rg1 Rxg1 32. Rxg1+ Kh8 33. Rg7
Nec6 34. Bf5 Ne5 (34... d3 35. cxd3 Nd4 36. e7 N8e6 37. Bxe6 Nxe6 38. Rg6 Nc7
39. Rxb6) 35. Rh7+ (35. f4 d3 (35... Nc4 36. e7 Nc6 37. Rf7 Kg8 38. Rf8+ Rxf8
39. Be6+ Rf7 40. e8=Q+) 36. fxe5 d2 37. e7) 35... Kg8 36. Rg7+ Kh8 37. Rh7+ Kg8
38. Rg7+ 1/2-1/2

[Event "DSU 100 år - Basis 5"]
[Site "?"]
[Date "2003.02.08"]
[Round "2"]
[White "Sølvbjerg, Keld"]
[Black "Jensen, Jónbert"]
[Result "1-0"]
[WhiteElo "1444"]
[BlackElo "1290"]
[PlyCount "125"]

1. d4 Nf6 2. c4 g6 3. Nc3 d5 4. e3 Bg7 5. Nf3 c6 6. Be2 Nbd7 7. O-O Ne4 8. Nd2
Nxc3 9. bxc3 O-O 10. cxd5 cxd5 11. c4 Nf6 12. cxd5 Nxd5 13. Bf3 e5 14. Nb3 Be6
15. Bb2 exd4 16. Bxd4 b6 17. Bxg7 Kxg7 18. Qd4+ f6 19. Rfd1 Nc7 20. Bxa8 Qxa8
21. Qd6 Rf7 22. Rac1 Bxb3 23. axb3 Ne8 24. Qc6 Qb8 25. Qc8 Qe5 26. Qc3 Qe6 27.
Qc4 Qe7 28. Rd2 Nd6 29. Qc6 Nb7 30. Rcd1 Na5 31. Qb5 Qe6 32. Rd6 Qc8 33. Rd7
Nc6 34. Rxf7+ Kxf7 35. Qd5+ Qe6 36. Qd7+ Ne7 37. Qxe6+ Kxe6 38. Kf1 h5 39. Ke2
h4 40. h3 Nd5 41. Kd3 f5 42. Kc4 b5+ 43. Kc5 Nc3 44. Rd6+ Ke5 45. f3 a5 46.
Rxg6 a4 47. bxa4 bxa4 48. Kc4 Nd5 49. Kd3 Nb4+ 50. Kd2 a3 51. Rg8 Kd6 52. Ra8
a2 53. Kc3 Nd5+ 54. Kb3 a1=Q 55. Rxa1 Nxe3 56. Ra2 Ke5 57. Ra4 Nxg2 58. Kc3 Nf4
59. Kd2 Ng6 {=} 60. Ke3 Kf6 61. Ra6+ Kg5 62. Rd6 Ne5 $4 (62... Nf4 63. Rd2 Ng6
(63... Nxh3 $2 64. Rg2+ Kh5 65. f4 $18) 64. Rg2+ Kf6 65. Rxg6+ Kxg6 66. Kd4 Kf6
67. Kd5 Kg5 68. Ke5 f4 69. Ke4 $18) 63. f4+ {og hvid vandt} 1-0

[Event "DSU 100 år - Basis 6"]
[Site "?"]
[Date "2003.02.08"]
[Round "2"]
[White "Hein, Jacob"]
[Black "Andersen, Thomas"]
[Result "1-0"]
[WhiteElo "1222"]
[BlackElo "1000"]
[PlyCount "23"]

1. d4 d5 2. c4 dxc4 3. e3 b5 4. Nc3 Nf6 5. Nxb5 Ba6 6. Bxc4 c6 7. Qb3 e6 (7...
cxb5 8. Bxf7+ Kd7 $13) 8. Nc3 Qb6 9. Bxe6 Qxb3 10. Bxb3 Nbd7 11. Nge2 Bb7 12.
O-O 1-0

[Event "DSU 100 år - Mester"]
[Site "?"]
[Date "2003.02.08"]
[Round "3"]
[White "Auchenberg, Per"]
[Black "Schmidt, Tommy"]
[Result "1/2-1/2"]
[WhiteElo "1949"]
[BlackElo "2087"]
[PlyCount "82"]

1. f4 c5 2. b3 Nc6 3. Bb2 e6 4. Nf3 d6 5. e4 Nf6 6. Qe2 Be7 7. g3 O-O 8. Bg2
Qc7 9. O-O a6 10. c4 Rb8 11. d3 Nd7 12. g4 Bf6 13. Bxf6 Nxf6 14. h3 Qe7 15. Nc3
b5 16. Qf2 Nd7 17. Qd2 b4 18. Ne2 Bb7 19. Rad1 {=} 19... Rfd8 20. d4 cxd4 21.
Nfxd4 Nxd4 22. Qxd4 Nc5 23. Qe3 Qc7 24. Rd2 Rd7 25. Rfd1 Rbd8 26. Ng3 Qa5 27.
Nh5 Qc7 28. f5 Kh8 29. f6 {=} 29... g6 30. Qh6 Rg8 31. Ng3 (31. Qg7+ Rxg7 32.
fxg7+ Kg8 33. Nf6+ Kxg7 34. Ne8+ $18) 31... Qd8 (31... d5) 32. Qf4 e5 33. Qf2
Ne6 34. Rf1 Nf4 35. g5 h6 36. h4 Qa8 37. Qe3 Kh7 38. Bh1 Bc6 39. Rfd1 Rgd8 40.
Bf3 Qb8 41. Kf2 Re8 1/2-1/2

[Event "DSU 100 år - Basis 1"]
[Site "?"]
[Date "2003.02.08"]
[Round "3"]
[White "Christensen, Verner"]
[Black "Stockflet, Henrik"]
[Result "1/2-1/2"]
[WhiteElo "1767"]
[BlackElo "1873"]
[PlyCount "88"]

1. e4 e5 2. f4 exf4 3. Nf3 d6 4. d4 g5 5. Bc4 Bg7 6. h4 h6 7. c3 Nc6 8. Qd3 Qe7
9. Nbd2 Bd7 10. b4 f5 11. hxg5 fxe4 12. Qxe4 Qxe4+ 13. Nxe4 Bf5 14. Nf2 Kd7 15.
Bxf4 Re8+ 16. Kd2 hxg5 17. Rxh8 Bxh8 18. Bxg5 Nf6 19. Bxf6 Bxf6 20. Re1 Rxe1
21. Kxe1 Nd8 22. g4 Be6 23. Bxe6+ Kxe6 24. Ke2 d5 25. Ke3 Nf7 26. Kf4 Nd6 27.
Nh3 Nb5 28. Nhg5+ Ke7 29. Ne5 Nxc3 30. Nh7 Bg7 31. g5 Nxa2 32. Kf5 Nxb4 33. Kg6
Bxe5 34. dxe5 d4 35. Kh6 d3 36. g6 d2 37. g7 d1=Q 38. g8=Q Qh1+ 39. Kg6 Qg2+ (
39... Qe4+ 40. Kh6 Qxe5 $19) 40. Ng5 Qc2+ 41. Kh6 Qh2+ 42. Kg6 Qc2+ 43. Kh6
Qh2+ 44. Kg6 Qc2+ 1/2-1/2

[Event "DSU 100 år - Basis 3"]
[Site "?"]
[Date "2003.02.08"]
[Round "3"]
[White "Rasmussen, Michael"]
[Black "Madsen, Morten"]
[Result "0-1"]
[WhiteElo "1636"]
[BlackElo "1650"]
[PlyCount "86"]

1. d4 Nf6 2. Nf3 g6 3. Bf4 Bg7 4. e3 d5 5. Be2 Nbd7 6. Nbd2 b6 7. h3 c5 8. c3
Bb7 9. O-O O-O 10. Re1 Rc8 11. Rc1 Re8 12. Bd3 Ne4 13. c4 Nxd2 14. Qxd2 dxc4
15. Rxc4 Bxf3 16. gxf3 cxd4 17. Rxc8 Qxc8 18. Rc1 Qb7 19. Be4 Qa6 20. b4 e5 21.
Rc7 exf4 22. Qc2 Nf6 23. Bd3 b5 24. Qc5 Qb6 25. Bxb5 Qxc5 26. bxc5 Rb8 27. Bc4
fxe3 28. fxe3 dxe3 29. Kf1 h5 30. c6 Rb6 31. Rc8+ Kh7 32. Bxf7 Bh6 33. Bc4 Bf4
34. a4 Nd5 35. Bxd5 Rb1+ 36. Ke2 Rb2+ 37. Kd3 Rd2+ 38. Kc4 e2 39. Re8 Bg3 40.
c7 Bxc7 41. h4 $2 (41. f4 Bxf4 42. Bf3) 41... Bg3 42. Re7+ Kh6 43. Bg8 Bxh4 0-1

[Event "DSU 100 år - Basis 4"]
[Site "?"]
[Date "2003.02.08"]
[Round "3"]
[White "Stuhr, Peter"]
[Black "Madsen, Søren"]
[Result "1-0"]
[WhiteElo "1627"]
[BlackElo "1632"]
[PlyCount "67"]

1. e4 e5 2. Nf3 Nc6 3. Bc4 Bc5 4. d4 exd4 5. Ng5 Ne5 6. Nxf7 Nxf7 (6... Bb4+)
7. Bxf7+ Kxf7 8. Qh5+ g6 9. Qxc5 d6 10. Qxd4 Nf6 11. Nc3 Be6 12. Bg5 c5 13. Qd3
Qe7 14. O-O-O Rad8 15. Qf3 h6 16. Bxf6 Qxf6 17. Qxf6+ Kxf6 18. Nb5 Ke7 19. Rd2
a6 20. Nc7 Rd7 21. Nd5+ Bxd5 22. Rxd5 Ke6 23. Rhd1 Rhd8 24. f4 b6 25. c4 Rf8
26. g3 Rfd8 27. Kc2 b5 28. cxb5 axb5 29. e5 b4 30. Kb3 h5 31. Rxd6+ Rxd6 32.
Rxd6+ Rxd6 33. exd6 Kxd6 34. Kc4 1-0

[Event "DSU 100 år - Basis 3"]
[Site "?"]
[Date "2003.02.09"]
[Round "4"]
[White "Madsen, Morten"]
[Black "Aaager, Arvid"]
[Result "1-0"]
[WhiteElo "1650"]
[BlackElo "1647"]
[PlyCount "171"]

1. d4 Nf6 2. c4 g6 3. Nc3 d5 4. Bg5 Ne4 5. Nxe4 dxe4 6. e3 c6 7. Qd2 Bg7 8. Ne2
c5 9. Nc3 cxd4 10. exd4 Qxd4 11. Qxd4 Bxd4 12. Nd5 Kd7 {=} 13. O-O-O Nc6 14.
Nxe7 Nxe7 15. Rxd4+ Ke8 16. Rxe4 Be6 17. Be2 h5 18. Re1 Rc8 19. b3 Kf8 20. Bf6
Rh7 21. Kb2 Ng8 22. Bd4 b6 23. Rf4 g5 24. Rf3 Rh6 25. h3 Rd8 26. Bc3 Rd7 27.
Rd1 Rxd1 28. Bxd1 g4 29. hxg4 hxg4 30. Rf4 f5 31. Bxg4 Rh4 32. f3 Ke7 33. Bb4+
Kd8 34. Rd4+ Bd7 35. Rf4 Nh6 36. Bc3 Ng8 37. Rxf5 Bxf5 38. Bxf5 Ke7 39. Bh3 Rh6
40. Ka3 Rg6 41. Kb4 Kd8 42. Kb5 Kc7 43. Bf5 Rxg2 44. Be6 {=} 44... Ne7 45. a3
$6 Rg5+ (45... Re2 46. Bg4 Re3 $15) 46. Ka6 Nc6 47. Bd5 Rf5 48. Be4 Rf7 49. Bd5
Rh7 50. Kb5 Rh5 51. Ka4 Ne7 52. Be4 a6 53. f4 Nc6 54. f5 Rh4 55. Bxc6 (55. Bd5
$4 b5#) 55... Kxc6 56. f6 Rf4 57. Kb4 Rf5 58. a4 a5+ 59. Ka3 Rf3 60. Kb2 Kc5
61. Kc2 Rf2+ 62. Kd3 Kd6 63. Ke3 Rf5 64. Bd4 Kc6 65. Ke4 Rf1 {=} 66. Ke5 Rf3
67. Ke6 Rf1 68. Ke7 Rd1 69. f7 Re1+ 70. Kf6 Rf1+ 71. Kg7 Kb7 72. f8=Q Rxf8 73.
Kxf8 Kc6 74. Ke7 Kb7 75. Kd7 Ka6 76. Kc6 Ka7 77. Bxb6+ Kb8 78. Bxa5 Ka7 79. b4
Kb8 80. b5 Ka7 81. b6+ Kb8 82. b7 Ka7 83. Bd2 Kb8 84. Bf4+ Ka7 85. b8=Q+ Ka6
86. Qb6# 1-0

[Event "DSU 100 år - Mester"]
[Site "?"]
[Date "2003.02.09"]
[Round "5"]
[White "Andersen, Ib Hother"]
[Black "Andersen, Ivan N."]
[Result "0-1"]
[WhiteElo "1978"]
[BlackElo "2058"]
[PlyCount "84"]

1. e4 e5 2. Nf3 d6 3. d4 Nf6 4. Nc3 Nbd7 5. Bc4 Be7 6. O-O O-O 7. h3 c6 8. a4
Qc7 9. Be3 Nxe4 10. Nxe4 d5 11. Bxd5 cxd5 12. Nc3 e4 13. Nxd5 Qd6 14. Nxe7+
Qxe7 15. Nd2 f5 16. f4 exf3 17. Qxf3 Nf6 18. Bg5 h6 19. Bxf6 Rxf6 20. Rfe1 Be6
21. c4 (21. d5 Qc5+) 21... Qb4 22. Qd3 Rc8 23. d5 Bf7 24. b3 Bg6 25. Qd4 f4 26.
Re5 a6 27. Rae1 b5 28. Re6 Rcf8 29. axb5 axb5 30. d6 Rxe6 31. Rxe6 Bf7 32. Re7
f3 33. Nxf3 bxc4 34. Nd2 (34. Ne5 $1 $18) 34... Rd8 35. Nxc4 Qxb3 36. d7 (36.
Ne5 $1 $18) 36... Kf8 37. Qd6 Kg8 38. Qd4 Kf8 39. Qd6 Kg8 40. Re4 $4 (40. Na5
Qb1+ 41. Kh2 Qb8 42. Qxb8 Rxb8 43. Nc6 $18) 40... Qb1+ 41. Kh2 Qxe4 42. Qc7 Qe7
0-1

[Event "DSU 100 år - Mester"]
[Site "?"]
[Date "2003.02.09"]
[Round "5"]
[White "Erichsen, Dan"]
[Black "Schmidt, Tommy"]
[Result "0-1"]
[WhiteElo "2070"]
[BlackElo "2087"]
[PlyCount "70"]

1. e4 c5 2. Nf3 Nc6 3. d4 cxd4 4. Nxd4 Nf6 5. Nc3 d6 6. Bg5 Bd7 7. Qd2 Nxd4 8.
Qxd4 Qa5 9. f4 Rc8 10. Be2 e5 11. Qe3 Be7 12. Rd1 Bc6 13. Bxf6 Bxf6 14. O-O
exf4 15. Qxf4 O-O 16. Kh1 (16. Qxd6 Bxc3 17. bxc3 Bxe4) (16. Rxd6 Be5) 16...
Be5 17. Qh4 Bxc3 18. bxc3 Qxc3 19. Bd3 g6 20. Rf6 Qe5 21. Rdf1 Bd7 22. R6f3 Rc5
23. a3 b5 24. Qf2 Qe7 25. Qd4 Qe5 26. Qf2 Be6 27. Qe1 Rc3 28. Qa1 Bd7 29. Rb1
Qc5 30. Rb4 a5 31. Rb3 Rxb3 32. cxb3 Be6 33. Qf1 b4 34. axb4 Qxb4 35. Bc2 Rc8
0-1

[Event "DSU 100 år - Basis 1"]
[Site "?"]
[Date "2003.02.09"]
[Round "5"]
[White "Stockflet, Henrik"]
[Black "Tandrup, Michael"]
[Result "1-0"]
[WhiteElo "1873"]
[BlackElo "1758"]
[PlyCount "39"]

1. f4 e5 2. e4 exf4 3. Nf3 Be7 4. Bc4 d6 5. d4 Bh4+ 6. Kf1 Be6 7. Qd3 Be7 8.
Bxe6 fxe6 9. Bxf4 Qd7 10. Kf2 Nf6 11. Rf1 O-O 12. Kg1 Nh5 13. Be3 c6 14. Nbd2
Nf4 15. Qb3 Ng6 16. Ng5 d5 17. Nxe6 Rxf1+ 18. Rxf1 b6 (18... Qxe6 19. Qxb7 $18)
19. exd5 cxd5 20. Nc7 1-0

[Event "DSU 100 år - Basis 2"]
[Site "?"]
[Date "2003.02.09"]
[Round "5"]
[White "Thomsen, Kurt"]
[Black "Nielsen, Anders"]
[Result "1/2-1/2"]
[WhiteElo "1700"]
[BlackElo "1688"]
[PlyCount "113"]

1. d4 f5 2. c4 Nf6 3. Nc3 e6 4. Nf3 Be7 5. Bf4 d6 6. h3 Nbd7 7. e3 a6 8. Bd3
Nf8 9. O-O Ng6 10. Bh2 O-O 11. Qc2 Qe8 12. d5 e5 13. Bxf5 Bxf5 14. Qxf5 Bd8 15.
Qc2 Nd7 {=} 16. b4 Nh4 17. Nxh4 Bxh4 18. Ne4 Qg6 19. Rac1 c6 20. c5 dxc5 21.
Nxc5 Qxc2 22. Rxc2 Nxc5 {=} 23. bxc5 cxd5 24. Bxe5 Rf5 25. f4 Rc8 26. g4 Rf7
27. Rd1 Rd7 28. e4 Be7 29. c6 Rxc6 {=} 30. Rcd2 Rc4 31. Rxd5 Rxd5 32. exd5 Rc2
33. d6 Bd8 34. Rb1 b5 35. a4 Rc4 36. axb5 axb5 37. Ra1 $2 (37. Rxb5 $18) 37...
Rc8 38. Kf1 Bf6 {=} 39. Ra7 Rf8 40. Kg2 Rf7 {=} 41. Ra8+ Rf8 42. Ra5 Rb8 43. g5
Bxe5 44. fxe5 b4 {=} 45. e6 b3 46. d7 (46. Rb5 $1) 46... Kf8 47. Rc5 $2 (47.
Rb5) 47... Rd8 48. Rb5 Ke7 49. Rxb3 Kxe6 50. Rb6+ Kf5 51. Rb5+ Kf4 52. Rd5 Ke4
53. Rd1 Kf5 54. h4 Ke6 {=} 55. Re1+ Kxd7 {=} 56. Rd1+ Ke7 {=} 57. Re1+ 1/2-1/2

[Event "DSU 100 år - Basis 4"]
[Site "?"]
[Date "2003.02.09"]
[Round "5"]
[White "Nielsen, Marianne"]
[Black "Madsen, Søren"]
[Result "0-1"]
[WhiteElo "1633"]
[BlackElo "1632"]
[PlyCount "102"]

1. c4 Nf6 2. Nc3 e6 3. g3 c5 4. Bg2 Nc6 5. Nf3 d5 6. cxd5 exd5 7. d4 c4 8. O-O
Be7 9. Ne5 O-O 10. Re1 Be6 11. Bf4 Qb6 12. Nxc6 bxc6 13. Rb1 Bb4 14. Be5 Ng4
15. Bf4 Nf6 16. a3 Bxc3 17. bxc3 Qa5 18. Qc1 Bf5 19. Rb7 Rfe8 20. Qb2 Nd7 21.
Rb4 Qd8 22. f3 c5 23. Rb5 a6 24. Rb7 cxd4 25. cxd4 Nf6 26. Kf2 Rc8 27. Qc3 h6
28. g4 Bg6 29. Bh3 Ra8 30. Qb4 a5 31. Qb5 Re7 32. Rb6 Qe8 33. Qb2 Kh7 34. Kg2
c3 35. Qxc3 Rxe2+ 36. Rxe2 Qxe2+ 37. Kg1 Re8 38. Bf1 Qd1 39. Rb2 $2 (39. Kf2)
39... Re1 40. Rf2 Bd3 41. Qc1 Qxc1 42. Bxc1 Rxc1 43. Kg2 Bxf1+ 44. Rxf1 Rxf1
45. Kxf1 Kg6 46. Ke2 Kg5 47. Kd3 Nd7 48. Kc3 Nb6 49. Kd3 Kf4 50. Ke2 Nc4 51. a4
Nb2 0-1

[Event "DSU 100 år - Basis 4"]
[Site "?"]
[Date "2003.02.09"]
[Round "5"]
[White "Stuhr, Peter"]
[Black "Nielsen, Palle"]
[Result "0-1"]
[WhiteElo "1627"]
[BlackElo "1628"]
[PlyCount "128"]

1. e4 e5 2. Nf3 Nc6 3. Bc4 h6 4. Bd5 Nge7 5. O-O d6 6. Nc3 a6 7. Bb3 Bg4 8. h3
Bh5 9. g4 Bg6 10. Nh4 Na5 11. Nxg6 Nxg6 12. d4 Nxb3 13. axb3 Qh4 14. Kg2 h5 15.
Rh1 exd4 16. Nb5 Qe7 17. gxh5 Nh4+ 18. Kg3 Qe5+ 19. Kxh4 Be7+ 20. Kg4 Qxh5+ 21.
Kg3 Qe5+ 22. Kf3 Qxb5 23. Qxd4 Bf6 24. Qd5 Qxd5 25. exd5 O-O-O 26. Ra4 Rh5 27.
Ra5 Rdh8 28. Kg2 Re5 29. b4 Rhe8 30. Be3 Bd8 31. Bf4 Rf5 32. Kg3 g5 33. Be3 c5
34. Ra4 Rxd5 35. bxc5 f5 36. c4 Rd3 37. Kg2 f4 38. Bc1 dxc5 39. h4 gxh4 40.
Bxf4 Rg8+ 41. Kh2 Rf3 42. Be5 (42. Be3 Bc7+ 43. Bf4 Bxf4#) 42... Rxf2+ 43. Kh3
Re2 44. Bd6 Rxb2 45. Rd1 Rb3+ 46. Kh2 Bc7 47. Bxc7 Kxc7 48. Rd5 Kc6 49. Ra5 b6
50. Rxa6 Rg4 51. Ra4 Rd4 52. Rg5 Rd2+ 53. Rg2 Rxg2+ 54. Kxg2 Rb4 55. Ra3 Rxc4
56. Kf2 b5 57. Ke2 Rd4 58. Ra6+ Kd5 59. Rh6 Kc4 60. Rh5 b4 61. Ke3 b3 62. Rh8
h3 63. Ke2 Rd3 64. Rh5 b2 0-1

[Event "DSU 100 år - Basis 6"]
[Site "?"]
[Date "2003.02.09"]
[Round "5"]
[White "Brorsen, Jacob A."]
[Black "Madsen, Ejvin"]
[Result "0-1"]
[WhiteElo "1000"]
[BlackElo "1217"]
[PlyCount "162"]

1. d4 d5 2. Nf3 Nf6 3. Bf4 Nc6 4. e3 Nh5 5. Bg3 Nxg3 6. hxg3 h6 7. Bb5 Qd6 8.
c3 Bd7 9. Nbd2 a6 10. Bd3 e5 11. e4 Bg4 12. Qb3 b5 13. Qxd5 Qxd5 14. exd5 Ne7
15. Nxe5 Bf5 16. Bxf5 Nxf5 17. O-O-O Bd6 18. Ndf3 O-O 19. Nc6 Rfe8 20. Rde1 Ne7
21. Rh5 Ng6 22. Nce5 Ne7 23. Nd3 f5 24. Nd2 Kh7 25. Rhh1 Nxd5 26. c4 bxc4 27.
Nxc4 Re4 28. Rxe4 fxe4 29. Nde5 Rf8 30. Rf1 Nb4 31. a3 Nd5 32. Kd2 Be7 33. f3
Nf6 34. f4 Rd8 35. Nc6 Re8 36. N4e5 Nd5 37. f5 Bg5+ 38. Ke1 Nf6 39. Kf2 Ng8 40.
Re1 Rf8 41. Rxe4 Rxf5+ 42. Ke2 Nf6 43. Ne7 Nxe4 44. Nxf5 g6 45. Ne3 Nxg3+ 46.
Kf3 Nf5 47. Nxf5 gxf5 48. b3 Kg7 49. Nc6 Kf6 50. Nb4 a5 51. Nd5+ Ke6 52. Nxc7+
Kd6 53. Nb5+ Kd5 54. a4 Bf6 55. b4 axb4 56. a5 Kc6 57. a6 Bd8 58. d5+ Kb6 59.
a7 Kb7 60. d6 b3 61. Kf4 b2 62. Na3 Kxa7 63. Kxf5 Kb7 64. Ke6 Ba5 65. g4 Bb4
66. Nb1 Kc8 67. d7+ Kd8 68. Kf6 Kxd7 69. Kg6 Bf8 70. Kf7 Be7 71. Kg6 Bg5 72.
Kf5 Kd6 73. Ke4 Kc5 74. Kd3 Kb4 75. Kc2 Bf6 76. Nd2 Ka3 77. Nc4+ Ka2 78. Nd2 (
78. Nxb2 $1) 78... Bg5 79. Nb1 Be7 80. Nc3+ Ka1 81. Nb1 Bb4 0-1